[Event "Druzynowe  Mistrzostwa Polski w Szachach - I liga"]
[Site "Poronin-Limba"]
[Date "1899-12-30"]
[Round "4.22"]
[White "Jaracz, Barbara"]
[Black "Majdan, Joanna"]
[Result "1/2-1/2"]
[WhiteTitle "WGM"]
[BlackTitle "WGM"]
[WhiteElo "2244"]
[BlackElo "2361"]

1. e4 c5 2. Nf3 e6 3. d4 cxd4 4. Nxd4 Nc6 5. Nc3 Qc7 6. Be2 a6 7. O-O Nf6 8. Be3
Bb4 9. Na4 O-O 10. Nxc6 bxc6 11. Nb6 Rb8 12. Nxc8 Rfxc8 13. Bxa6 Rf8 14. Bd3 Bd6
15. b3 Bxh2+ 16. Kh1 Be5 17. Rb1 Bf4 18. Bd4 e5 19. Bb2 Ra8 20. a3 d5 21. Qe2
dxe4 22. Bxe4 Nxe4 23. Qxe4 f5 24. Qc4+ Kh8 25. Rfe1 e4 26. Kg1 Bh2+ 27. Kf1 Be5
28. Bxe5 Qxe5 29. Kg1 Rxa3 30. Qxc6 Raa8 31. c4 h5 32. Rbd1 h4 33. Qd6 Qe8 34.
Qf4 Qe7 35. Rd5 Qf6 36. Rd6 Qe7 37. Rd5 Qf6 38. Rd6 Qe7 1/2-1/2

[Event "Druzynowe  Mistrzostwa Polski w Szachach - I liga"]
[Site "Poronin-Limba"]
[Date "1899-12-30"]
[Round "4.23"]
[White "Karpus, Michal"]
[Black "Gritsak, Orest"]
[Result "0-1"]
[WhiteTitle "FM"]
[BlackTitle "GM"]
[WhiteElo "2267"]
[BlackElo "2474"]

1. e4 e5 2. Nf3 Nf6 3. d4 Nxe4 4. Bd3 Nc6 5. d5 Nc5 6. Be2 Ne7 7. Nxe5 Ng6 8. Nxg6
hxg6 9. Nc3 d6 10. Be3 Be7 11. Qd2 a6 12. O-O-O b5 13. Bf3 Nd7 14. Rde1 Kf8 15.
h4 Rxh4 16. g3 Rxh1 17. Rxh1 Kg8 18. Ne4 Ne5 19. Be2 Bf5 20. Ng5 Bxg5 21. Bxg5
f6 22. Be3 Qe7 23. f3 Re8 24. Bf2 g5 25. Re1 Qf7 26. g4 Bg6 27. b3 Qd7 28. Qa5
Qc8 29. a4 c6 30. Bd1 cxd5 31. Kb2 Qc6 32. axb5 axb5 33. Bd4 Ra8 34. Qb4 Nxf3
35. Re3 Nxd4 36. Qxd4 Qc5 0-1

[Event "Druzynowe  Mistrzostwa Polski w Szachach - I liga"]
[Site "Poronin-Limba"]
[Date "1899-12-30"]
[Round "4.24"]
[White "Stoma, Pawel"]
[Black "Krainski, Aleksander"]
[Result "1/2-1/2"]
[WhiteTitle "m"]
[BlackTitle "FM"]
[WhiteElo "2348"]
[BlackElo "2192"]

1. Nf3 d5 2. c4 e6 3. e3 Nf6 4. b3 Be7 5. Bb2 O-O 6. Be2 b6 7. O-O Bb7 8. Nc3 c5
9. d4 cxd4 10. Nxd4 dxc4 11. Bxc4 a6 12. Qe2 b5 13. Bd3 Nc6 14. Nxc6 Bxc6 15.
Rac1 Qb6 16. a4 Rfb8 17. Ba1 Qb7 18. f3 h6 19. Rc2 Nd5 20. Nxd5 Bxd5 21. Be5 Rc8
22. Rxc8+ Rxc8 23. axb5 axb5 24. e4 Qa7+ 25. Kh1 Bxb3 26. Bxb5 Qc5 27. Bf4 Bc4
28. Bxc4 Qxc4 29. Qxc4 Rxc4 30. Rc1 Rxc1+ 31. Bxc1 1/2-1/2

[Event "Druzynowe  Mistrzostwa Polski w Szachach - I liga"]
[Site "Poronin-Limba"]
[Date "1899-12-30"]
[Round "4.25"]
[White "Krainski, Slawomir"]
[Black "Miroslaw, Michal"]
[Result "0-1"]
[WhiteTitle "k"]
[BlackTitle "FM"]
[WhiteElo "2138"]
[BlackElo "2270"]

1. e4 c6 2. b3 d5 3. Bb2 dxe4 4. Nc3 Nf6 5. Nge2 e5 6. Ng3 Be6 7. Ncxe4 Nxe4 8.
Nxe4 Nd7 9. Bd3 Be7 10. Qh5 g6 11. Qe2 f5 12. Ng3 Bf6 13. Bc4 Bxc4 14. Qxc4 Qe7
15. O-O-O Nb6 16. Qe2 O-O-O 17. Rhe1 Rhe8 18. f3 Qc5 19. Nf1 Nd5 20. a3 Nf4 21.
Qe3 Nd3+ 22. Kb1 Qxe3 23. Rxe3 Nxb2 24. Kxb2 e4+ 25. Kc1 Bd4 26. Ree1 exf3 27.
gxf3 Bf2 28. Rxe8 Rxe8 29. Ng3 h5 30. Rf1 Bc5 31. b4 Bd6 32. Kd1 h4 33. Ne2 Bxh2
34. f4 Rg8 35. Rh1 Bg3 36. Nxg3 hxg3 37. Rh3 g5 38. Rxg3 g4 39. Ke2 Re8+ 40. Re3
Rxe3+ 41. Kxe3 a5 42. c4 a4 43. Kd4 Kd7 44. Ke3 Kd6 45. d3 b5 46. Kd4 Kd7 47.
Ke3 c5 0-1

[Event "Druzynowe  Mistrzostwa Polski w Szachach - I liga"]
[Site "Poronin-Limba"]
[Date "1899-12-30"]
[Round "4.26"]
[White "Panas, Pawel"]
[Black "Karbowiak, Adam"]
[Result "1-0"]
[WhiteTitle "k"]
[BlackTitle "k+"]
[WhiteElo "2168"]
[BlackElo "2101"]

1. e4 e6 2. d4 d5 3. Nd2 dxe4 4. Nxe4 Bd7 5. Nf3 Bc6 6. Bd3 Nd7 7. c3 Ngf6 8. Nxf6+
Qxf6 9. Bg5 Bxf3 10. Qd2 Bxg2 11. Bxf6 Bxh1 12. Bh4 Bf3 13. Qf4 Bh5 14. Qxc7 a6
15. Be4 Be7 16. Bxb7 Bxh4 17. Bxa8 O-O 18. Qxd7 Rxa8 19. b4 h6 20. Qb7 Re8 21.
b5 axb5 22. Qxb5 f5 23. a4 Bf6 24. f4 g5 25. a5 Rc8 26. Kd2 gxf4 27. Qd7 Re8 28.
a6 Kf8 29. Qc6 1-0

[Event "Druzynowe  Mistrzostwa Polski w Szachach - I liga"]
[Site "Poronin-Limba"]
[Date "1899-12-30"]
[Round "4.28"]
[White "Toma, Katarzyna"]
[Black "Pacuszka, Wioletta"]
[Result "1-0"]
[WhiteTitle "WGM"]
[BlackTitle "I++"]
[WhiteElo "2262"]
[BlackElo "1919"]

1. e4 c5 2. Nf3 e6 3. d4 cxd4 4. Nxd4 a6 5. Bd3 Qc7 6. O-O Nf6 7. Qe2 d6 8. c4
Be7 9. Nc3 Nbd7 10. Be3 O-O 11. Rac1 Nc5 12. Bb1 b6 13. f3 Re8 14. Qf2 Rb8 15.
Rfd1 Bb7 16. b4 Ncd7 17. Na4 Ba8 18. Nb3 Rec8 19. Bd3 Qb7 20. Qe2 Qc6 21. Nb2
Ne5 22. Nd4 Qb7 23. a3 Nxd3 24. Nxd3 Nd7 25. b5 Nc5 26. Nb4 axb5 27. cxb5 Qc7
28. Na6 Qa7 29. Nxb8 Rxb8 30. Qb2 Rc8 31. Nb3 Qb7 32. Bd4 f6 33. Be3 h6 34. Nd4
Qd7 35. Qa2 Kh7 36. a4 f5 37. exf5 e5 38. Ne6 d5 39. Qc2 Bb7 40. Bxc5 Bxc5+ 41.
Nxc5 Rxc5 42. Qd3 Qc8 43. Rxc5 Qxc5+ 44. Kh1 Kh8 45. f6 gxf6 46. Qg6 Qe3 47. Qxf6+
1-0

[Event "Druzynowe  Mistrzostwa Polski w Szachach - I liga"]
[Site "Poronin-Limba"]
[Date "1899-12-30"]
[Round "5.1"]
[White "Gritsak, Orest"]
[Black "Rudolf, Michal"]
[Result "1-0"]
[WhiteTitle "GM"]
[BlackTitle "FM"]
[WhiteElo "2474"]
[BlackElo "2360"]

1. Nf3 d5 2. d4 c6 3. Bf4 Bf5 4. e3 e6 5. Nbd2 Bd6 6. Bg3 Nf6 7. c4 Bxg3 8. hxg3
h6 9. Qb3 Qb6 10. Qa3 a5 11. cxd5 exd5 12. Ne5 Qb4 13. Bd3 Qxa3 14. bxa3 Bxd3
15. Nxd3 Nbd7 16. Rb1 Ra7 17. Ke2 Ke7 18. f3 Kd6 19. g4 Re8 20. Nf1 Kc7 21. Ng3
Nb6 22. Ne5 Nc4 23. Nxc4 dxc4 24. e4 b5 25. Nf5 g6 26. Nxh6 Kb6 27. Kd2 Rd7 28.
Kc3 c5 29. d5 Rxd5 30. exd5 Nxd5+ 31. Kb2 c3+ 32. Ka1 Re2 33. Rbe1 Rd2 34. Nxf7
Nf4 35. Ne5 Nxg2 36. Re4 c4 37. Rc1 g5 38. Rxc3 Nf4 39. Rexc4 1-0

[Event "Druzynowe  Mistrzostwa Polski w Szachach - I liga"]
[Site "Poronin-Limba"]
[Date "1899-12-30"]
[Round "5.2"]
[White "Warszawski, Bartosz"]
[Black "Stoma, Pawel"]
[Result "0-1"]
[WhiteTitle "m"]
[BlackTitle "m"]
[WhiteElo "2202"]
[BlackElo "2348"]

1. e4 c6 2. d4 d5 3. e5 Bf5 4. Nf3 e6 5. Be2 Ne7 6. O-O h6 7. Nbd2 Nd7 8. Nb3 Qc7
9. Bd2 Bg4 10. Rc1 Nf5 11. h3 Bxf3 12. Bxf3 Nb6 13. Ba5 Qd7 14. Bxb6 axb6 15.
c4 dxc4 16. Rxc4 Rxa2 17. Qc1 Ne7 18. d5 Nxd5 19. Bxd5 exd5 20. Rg4 h5 21. Rg5
Ra4 22. f4 Kd8 23. f5 Re4 24. e6 fxe6 25. fxe6 Qxe6 26. Rgf5 Be7 27. Qc3 Bf6 28.
Qg3 Kc8 29. R5f3 Re8 0-1

[Event "Druzynowe  Mistrzostwa Polski w Szachach - I liga"]
[Site "Poronin-Limba"]
[Date "1899-12-30"]
[Round "5.3"]
[White "Miroslaw, Michal"]
[Black "Chalupnik, Marcin"]
[Result "0-1"]
[WhiteTitle "FM"]
[BlackTitle "k++"]
[WhiteElo "2270"]
[BlackElo "2176"]

1. e4 c5 2. Nf3 d6 3. d4 cxd4 4. Qxd4 Nc6 5. Bb5 Bd7 6. Qd3 Nf6 7. c4 g6 8. Nc3
Bg7 9. Bxc6 Bxc6 10. O-O O-O 11. Nd4 Rc8 12. Nxc6 Rxc6 13. Bd2 Qc8 14. Rac1 Qg4
15. b3 Qh4 16. h3 Re8 17. f4 Bh6 18. Ne2 Nd7 19. g4 e5 20. g5 Bg7 21. Be1 Qh5
22. Ng3 Qxh3 23. f5 gxf5 24. Rxf5 Nc5 25. Qf3 Ne6 26. Bc3 Nf4 27. Rc2 h5 28. gxh6
Qxh6 29. Rh2 Qg6 30. Kf1 Re6 31. Ne2 Nxe2 32. Rg2 Nxc3 33. Rxg6 fxg6 34. Rf7 Nxe4
35. Rxg7+ Kxg7 36. Qxe4 Rf6+ 37. Ke2 Rc7 38. Qd5 Rcf7 39. c5 Rf2+ 40. Ke3 R2f3+
41. Ke2 Rf2+ 42. Ke3 dxc5 43. Qxe5+ Kh7 44. Qxc5 Rxa2 45. Qc4 Raf2 46. Qh4+ Kg8
47. Qd8+ Rf8 48. Qd5+ R2f7 49. Qg5 Rf6 50. Qd5+ R8f7 51. Qd8+ Kg7 52. Qd4 a6 53.
Qe5 Rd7 54. Qe8 Rfd6 55. Qe5+ Kf7 56. Qh8 Ke6 57. Qh3+ Kd5 58. Qg2+ Kc5 59. Qg5+
Kb4 60. Ke2 Kxb3 61. Qc5 b5 62. Qc1 b4 63. Qa1 g5 64. Kf3 Kc4 65. Qc1+ Kb5 66.
Qxg5+ Rd5 67. Qg8 a5 68. Qh8 b3 69. Qb8+ Ka4 70. Qc8 Ka3 0-1

[Event "Druzynowe  Mistrzostwa Polski w Szachach - I liga"]
[Site "Poronin-Limba"]
[Date "1899-12-30"]
[Round "5.4"]
[White "Rams, Michal"]
[Black "Panas, Pawel"]
[Result "1/2-1/2"]
[WhiteTitle "k+"]
[BlackTitle "k"]
[WhiteElo "2183"]
[BlackElo "2168"]

1. e4 c5 2. Nf3 e6 3. c3 Nf6 4. e5 Nd5 5. d4 cxd4 6. cxd4 d6 7. Nc3 Nxc3 8. bxc3
Qc7 9. Bd2 Bd7 10. Bd3 Bc6 11. O-O Nd7 12. Re1 dxe5 13. Nxe5 Nxe5 14. dxe5 Rd8
15. Bg5 Be7 16. Bxe7 Qxe7 17. Qc2 g6 18. Be4 Qc5 19. Bxc6+ Qxc6 20. Rad1 O-O 21.
g3 Qf3 22. Rd2 Rxd2 23. Qxd2 Rc8 24. Re3 Qd5 25. Qxd5 exd5 26. e6 fxe6 27. Rxe6
Kf7 28. Rd6 Rxc3 29. Rd7+ Ke6 30. Rxb7 d4 31. Kf1 Ra3 32. Rxh7 Rxa2 33. Rg7 Kf5
34. g4+ Kxg4 35. Rxg6+ Kf3 36. Rf6+ Ke4 37. h4 d3 38. Ke1 Ra1+ 39. Kd2 Ra2+ 40.
Ke1 Ra1+ 41. Kd2 Ra2+ 1/2-1/2

[Event "Druzynowe  Mistrzostwa Polski w Szachach - I liga"]
[Site "Poronin-Limba"]
[Date "1899-12-30"]
[Round "5.5"]
[White "Praszak, Michal"]
[Black "Kaim, Piotr"]
[Result "0-1"]
[WhiteTitle "m"]
[BlackTitle "m"]
[WhiteElo "2150"]
[BlackElo "2138"]

1. d4 Nf6 2. c4 e6 3. Nf3 d5 4. cxd5 exd5 5. Bg5 c6 6. Qc2 Be7 7. Nc3 Na6 8. e3
Nb4 9. Qd2 Bf5 10. Rc1 a5 11. a3 Na6 12. Bd3 Bxd3 13. Qxd3 O-O 14. O-O Ne4 15.
Bf4 Nd6 16. Nd2 Nc7 17. Bg3 Bh4 18. Ne2 Bxg3 19. Nxg3 Re8 20. Rce1 Qf6 21. f3
Qg6 22. e4 Rad8 23. Qc3 dxe4 24. Qxa5 e3 25. Nde4 Nd5 26. Qc5 Nb5 27. Ne2 f5 28.
N4c3 Nbc7 29. Qc4 Kh8 30. Qb3 b6 31. Nxd5 Nxd5 32. Qc2 Qf6 33. g3 Re6 34. Rd1
f4 35. Kg2 Red6 36. Rd3 Qf5 37. Rc3 Qd7 38. Rc4 Rh6 39. g4 Rf6 40. Rc1 Rc8 41.
b4 h5 42. g5 Rf5 43. h4 Ne7 44. a4 Ng6 45. Rh1 Qd5 46. Ng1 Re8 47. Qe2 Nxh4+ 48.
Rxh4 Rxg5+ 49. Kh1 Rxg1+ 50. Kxg1 Qg5+ 51. Qg2 Qxh4 52. Rc2 Qe1+ 53. Qf1 Qxb4
54. d5 Qd4 55. Kh2 Qxd5 56. Rg2 Qe5 57. Re2 c5 58. Qh3 Rd8 59. Qg2 Rd6 60. Rc2
Qf5 61. Re2 Rg6 62. Qf1 Qg5 63. Kh1 c4 64. Rh2 c3 65. a5 bxa5 66. Qe1 Rc6 67.
Qb1 Qg6 68. Rc2 Kh7 69. Qc1 Rb6 70. Qd1 Rb2 71. Qd8 Rb1+ 0-1

[Event "Druzynowe  Mistrzostwa Polski w Szachach - I liga"]
[Site "Poronin-Limba"]
[Date "1899-12-30"]
[Round "5.6"]
[White "Bednarska-bzdega, Malgorzata"]
[Black "Toma, Katarzyna"]
[Result "0-1"]
[WhiteTitle "WFM"]
[BlackTitle "WGM"]
[WhiteElo "2008"]
[BlackElo "2262"]

1. e4 e5 2. Nf3 d6 3. d4 Nd7 4. Nc3 c6 5. Bc4 Be7 6. a4 a5 7. O-O Ngf6 8. Qe2 O-O
9. Rd1 Qc7 10. h3 h6 11. dxe5 Nxe5 12. Nxe5 dxe5 13. Be3 Nd7 14. Qh5 Nb6 15. Bb3
Be6 16. Rd3 Rad8 17. Rad1 Bxb3 18. cxb3 Bf6 19. Ne2 Rxd3 20. Rxd3 Rd8 21. Rxd8+
Qxd8 22. Ng3 Bg5 23. Bxg5 hxg5 24. Qe2 g6 25. Qc2 Qd4 26. Ne2 Qd6 27. Kf1 Nd7
28. Ng1 Nc5 29. Nf3 f6 30. Ke2 Ne6 31. g3 Kf7 32. Qc3 b6 33. Qc4 Ke7 34. Qc2 Qd7
35. Ke1 Nc5 36. h4 Qg4 37. Nd2 gxh4 38. gxh4 Qxh4 39. Qc4 Qh1+ 40. Ke2 Ne6 41.
Kd3 Qd1 42. Ke3 Nd4 43. f3 Nc2+ 44. Kd3 Ne1+ 45. Ke3 Ng2+ 46. Kd4 0-1

[Event "Druzynowe  Mistrzostwa Polski w Szachach - I liga"]
[Site "Poronin-Limba"]
[Date "1899-12-30"]
[Round "5.7"]
[White "Maksimenko, Andrei"]
[Black "Karpus, Michal"]
[Result "0-1"]
[WhiteTitle "GM"]
[BlackTitle "FM"]
[WhiteElo "2484"]
[BlackElo "2267"]

1. c4 g6 2. e4 e5 3. Ne2 Bg7 4. Nbc3 Nf6 5. g3 O-O 6. Bg2 d6 7. O-O c6 8. h3 a6
9. d3 b5 10. cxb5 axb5 11. b4 Na6 12. Rb1 Nc7 13. a4 bxa4 14. Nxa4 Ne6 15. Be3
Ba6 16. Qc2 Bxd3 17. Qxd3 Rxa4 18. Rfd1 Qa8 19. b5 cxb5 20. Qxb5 Nxe4 21. Bxe4
Rxe4 22. Ra1 Qb8 23. Qxb8 Rxb8 24. Rxd6 Reb4 25. Rad1 e4 26. Nf4 Be5 27. R6d5
Bxf4 28. gxf4 R4b5 29. Kg2 Rxd5 30. Rxd5 Ng7 31. Bd4 Nf5 32. Bf6 Re8 33. Ra5 Ng7
34. Ra6 Nh5 35. Bg5 Re6 36. Ra4 0-1

[Event "Druzynowe  Mistrzostwa Polski w Szachach - I liga"]
[Site "Poronin-Limba"]
[Date "1899-12-30"]
[Round "5.8"]
[White "Krainski, Aleksander"]
[Black "Jaracz, Pawel"]
[Result "0-1"]
[WhiteTitle "FM"]
[BlackTitle "GM"]
[WhiteElo "2192"]
[BlackElo "2469"]

1. e4 c5 2. Nf3 e6 3. d4 cxd4 4. Nxd4 Nc6 5. Nc3 Qc7 6. Be2 a6 7. O-O Nf6 8. Be3
Be7 9. f4 d6 10. Kh1 O-O 11. Qe1 Nxd4 12. Bxd4 b5 13. a3 Bb7 14. Qg3 Rad8 15.
Rae1 Rd7 16. Bd3 Nh5 17. Qh3 g6 18. f5 exf5 19. exf5 Bf6 20. Bxf6 Nxf6 21. Qh6
Re7 22. Rxe7 Qxe7 23. Qh4 Kg7 24. Re1 Qd7 25. Qd4 Re8 26. Rd1 Re5 27. Kg1 Qc6
28. Bf1 Rxf5 29. Qxd6 Rxf1+ 30. Kxf1 Qxg2+ 31. Ke1 Qxc2 32. Rd2 Qc1+ 33. Ke2 Bc8
34. Qf4 Bg4+ 35. Kd3 Qe1 36. Rf2 Bf5+ 37. Kd4 Qe6 38. Rd2 Qb6+ 0-1

[Event "Druzynowe  Mistrzostwa Polski w Szachach - I liga"]
[Site "Poronin-Limba"]
[Date "1899-12-30"]
[Round "5.9"]
[White "Krysztofiak, Marcin"]
[Black "Krainski, Slawomir"]
[Result "1/2-1/2"]
[WhiteTitle "IM"]
[BlackTitle "k"]
[WhiteElo "2383"]
[BlackElo "2138"]

1. d4 Nf6 2. Nf3 g6 3. g3 Bg7 4. Bg2 O-O 5. O-O d6 6. c4 Nc6 7. Nc3 Bf5 8. b3 Ne4
9. Nd5 e6 10. Nf4 e5 11. dxe5 dxe5 12. Nd5 Nd4 13. Ba3 Re8 14. e3 c6 15. exd4
cxd5 16. dxe5 dxc4 17. bxc4 Bg4 18. Re1 Bxf3 19. Bxf3 Ng5 20. Bd6 Nxf3+ 21. Qxf3
b6 22. a4 Rc8 23. Qd5 Qd7 24. a5 Qg4 25. Re4 Qe6 26. axb6 axb6 27. Rb1 Qf5 28.
Rxb6 g5 29. Ra6 h5 30. Ra7 Re6 31. h3 Rce8 32. g4 hxg4 33. hxg4 Qf3 34. Ra3 Qxe4
35. Qxe4 Rxd6 36. Ra8 Rde6 37. Rxe8+ Rxe8 38. c5 Bxe5 39. Qd5 Kf8 40. c6 f6 41.
Kg2 Re7 42. Kf3 Bc7 43. Qc5 1/2-1/2

[Event "Druzynowe  Mistrzostwa Polski w Szachach - I liga"]
[Site "Poronin-Limba"]
[Date "1899-12-30"]
[Round "5.10"]
[White "Karbowiak, Adam"]
[Black "Borgula, Rafal"]
[Result "1/2-1/2"]
[WhiteTitle "k+"]
[BlackTitle "FM"]
[WhiteElo "2101"]
[BlackElo "2250"]

1. Nf3 Nf6 2. g3 d5 3. Bg2 c6 4. O-O Bf5 5. d3 e6 6. c4 dxc4 7. dxc4 Qxd1 8. Rxd1
Bc2 9. Rd2 Bf5 10. Rd1 Bc2 11. Rd2 Bf5 12. Rd1 1/2-1/2

[Event "Druzynowe  Mistrzostwa Polski w Szachach - I liga"]
[Site "Poronin-Limba"]
[Date "1899-12-30"]
[Round "5.11"]
[White "Konieczynski, Piotr"]
[Black "Sciborowski, Miroslaw"]
[Result "1-0"]
[WhiteTitle "I++"]
[BlackTitle "k"]
[WhiteElo "1903"]
[BlackElo "2006"]

1. d4 Nf6 2. c4 g6 3. Nc3 Bg7 4. e4 d6 5. Be2 O-O 6. Bg5 h6 7. Be3 e5 8. d5 a5
9. Qd2 Kh7 10. h4 Ng4 11. Bxg4 Bxg4 12. h5 g5 13. f3 Bc8 14. g4 Na6 15. Nge2 f6
16. O-O Rf7 17. Nb5 b6 18. b3 Bd7 19. Nec3 Bf8 20. a3 Bg7 21. Rab1 Bf8 22. Kg2
Be8 23. Nd1 Bd7 24. Nf2 Be8 25. Nd3 Bd7 26. b4 Qc8 27. Kg3 Nb8 28. Rfc1 Be8 29.
Nc3 Qa6 30. c5 a4 31. b5 Qb7 32. c6 Qc8 33. Rb4 Be7 34. Qc2 Rf8 35. Rxa4 Rxa4
36. Qxa4 Bf7 37. Nb2 Kg7 38. Nc4 Bxh5 39. Qa7 Bxg4 40. Nxb6 cxb6 41. fxg4 h5 42.
Qxe7+ Rf7 43. Qe6 h4+ 44. Kh3 Qc7 45. a4 Qa7 46. Qc8 Qa5 47. Qxb8 Qb4 48. c7 1-0

[Event "Druzynowe  Mistrzostwa Polski w Szachach - I liga"]
[Site "Poronin-Limba"]
[Date "1899-12-30"]
[Round "5.12"]
[White "Pacuszka, Wioletta"]
[Black "Weglarz, Joanna"]
[Result "1/2-1/2"]
[WhiteTitle "I++"]
[BlackTitle "k"]
[WhiteElo "1919"]
[BlackElo "1939"]

1. e4 c5 2. Nf3 d6 3. d4 cxd4 4. Qxd4 Nc6 5. Bb5 Qa5+ 6. Nc3 Qxb5 7. Nxb5 Nxd4
8. Nfxd4 Kd8 9. Be3 Nf6 10. f3 Bd7 11. Nc3 Rc8 12. O-O-O a6 13. Kb1 e6 14. Rd3
Be7 15. Nb3 Kc7 16. Rhd1 Bc6 17. Bf4 Rhd8 18. Na5 b5 19. e5 dxe5 20. Bxe5+ Kb6
21. Rxd8 Rxd8 22. Rxd8 Bxd8 23. Nxc6 Kxc6 24. Kc1 g6 25. Kd2 Nd5 26. Nxd5 Kxd5
27. Bc3 e5 28. Kd3 Bb6 29. Bd2 Bg1 30. h3 Bb6 1/2-1/2

[Event "Druzynowe  Mistrzostwa Polski w Szachach - I liga"]
[Site "Poronin-Limba"]
[Date "1899-12-30"]
[Round "5.13"]
[White "Simantsev, Mikhail"]
[Black "Hnydiuk, Aleksander"]
[Result "1/2-1/2"]
[WhiteTitle "GM"]
[BlackTitle "IM"]
[WhiteElo "2486"]
[BlackElo "2409"]

1. d4 Nf6 2. c4 g6 3. f3 Nc6 4. d5 Ne5 5. e4 d6 6. Nc3 Bg7 7. f4 Ned7 8. Nh3 O-O
9. Be2 Nc5 10. Nf2 e6 11. O-O exd5 12. cxd5 c6 13. dxc6 bxc6 14. Bf3 Qe7 15. Be3
d5 16. e5 Nfd7 17. b4 Ne6 18. b5 Nb6 19. Bxb6 axb6 20. g3 Qc5 21. Rc1 Nd4 22.
Bg2 Ra3 23. Nb1 Qxc1 24. Qxc1 Ne2+ 25. Kh1 Nxc1 26. Nxa3 Nxa2 27. bxc6 Nb4 28.
Rb1 Nxc6 29. Bxd5 Ne7 30. Be4 f6 31. exf6 Bxf6 32. Nc2 g5 33. Rxb6 gxf4 34. gxf4
Bg7 35. Nd3 Bh3 36. Ra6 Ng6 37. Bd5+ Kh8 38. Ra8 Rxa8 1/2-1/2

[Event "Druzynowe  Mistrzostwa Polski w Szachach - I liga"]
[Site "Poronin-Limba"]
[Date "1899-12-30"]
[Round "5.14"]
[White "Plat, Vojtech"]
[Black "Sopur, Lech"]
[Result "1/2-1/2"]
[WhiteTitle "GM"]
[BlackTitle "m"]
[WhiteElo "2539"]
[BlackElo "2394"]

1. d4 f5 2. e4 fxe4 3. Nc3 Nf6 4. Bg5 g6 5. h4 d5 6. h5 Bf5 7. Bxf6 exf6 8. g4
Be6 9. hxg6 Qd7 10. g5 fxg5 11. Qh5 Qg7 12. Qxg5 c6 13. Nge2 hxg6 14. Rxh8 Qxh8
15. Nf4 Bf7 16. Nxg6 Qg7 17. Qf5 Nd7 18. Nxf8 Nxf8 19. O-O-O Ne6 20. Ne2 Qg5+
21. Qxg5 Nxg5 22. Bg2 Ke7 23. Rh1 Rg8 24. Kd2 Ne6 25. Bf1 Rg5 26. Ke3 Rh5 27.
Rxh5 Bxh5 28. Nf4 Nxf4 29. Kxf4 Kd6 30. c4 b6 31. b4 Bd1 32. c5+ Kc7 33. Ke5 b5
34. Bh3 Be2 35. Kf4 Bc4 36. a3 Kd8 37. f3 exf3 38. Kxf3 Kc7 1/2-1/2

[Event "Druzynowe  Mistrzostwa Polski w Szachach - I liga"]
[Site "Poronin-Limba"]
[Date "1899-12-30"]
[Round "5.15"]
[White "Orzech, Dominik"]
[Black "Nguyen, Piotr"]
[Result "1-0"]
[WhiteTitle "IM"]
[BlackTitle "IM"]
[WhiteElo "2380"]
[BlackElo "2409"]

1. d4 Nf6 2. Nf3 c5 3. d5 b5 4. Bg5 Qb6 5. Nbd2 Nxd5 6. e4 Nc7 7. a4 a6 8. e5 f6
9. Be3 d6 10. exd6 exd6 11. axb5 axb5 12. Rxa8 Nxa8 13. Qe2 Kf7 14. Qxb5 Qxb5
15. Bxb5 Nc7 16. Ba4 d5 17. O-O Nba6 18. Ra1 Be7 19. c3 Be6 20. Bc2 Rb8 21. b3
Rb7 22. h4 h5 23. Ne1 g5 24. hxg5 fxg5 25. Nef3 g4 26. Ng5+ Bxg5 27. Bxg5 Nb8
28. Ra5 Nd7 29. Be3 Nb5 30. c4 Nc3 31. cxd5 Nxd5 32. Bxc5 Rc7 33. Ne4 h4 34. b4
Nxb4 35. Ng5+ Kf6 36. Nxe6 Kxe6 37. Bb3+ Kf6 38. Bxb4 Rc1+ 39. Kh2 Ne5 40. Be7+
Kxe7 41. Rxe5+ Kf6 42. Rh5 Rb1 43. Bd5 Rb5 44. Rxh4 Rxd5 45. Rxg4 Rd3 46. f3 Kf5
47. Kg3 Ra3 48. Rb4 Ra2 49. Rb5+ Kg6 50. Kh3 Rf2 51. Kg3 Ra2 52. f4 Ra1 53. Kg4
Kg7 54. Kf5 1-0

[Event "Druzynowe  Mistrzostwa Polski w Szachach - I liga"]
[Site "Poronin-Limba"]
[Date "1899-12-30"]
[Round "5.16"]
[White "Wcislo, Damian"]
[Black "Pacan-milej, Kosma"]
[Result "1/2-1/2"]
[WhiteTitle "k+"]
[BlackTitle "FM"]
[WhiteElo "2403"]
[BlackElo "2316"]

1. d4 d5 2. c4 c6 3. Nf3 Nf6 4. Nc3 dxc4 5. a4 Bf5 6. Ne5 Nbd7 7. Nxc4 Nb6 8. Ne5
a5 9. f3 Nfd7 10. Nxd7 Nxd7 11. e4 Bg6 12. Be3 e5 13. dxe5 Nxe5 14. Qxd8+ Rxd8
15. Bb6 Ra8 16. O-O-O f6 17. Kc2 Bb4 18. Bf2 Bf7 19. b3 Ke7 20. Be2 Nd7 21. Na2
Ba3 22. Bc4 Bxc4 23. bxc4 b6 24. Rb1 Rab8 25. Rb3 Bc5 26. Bg3 Bd6 27. Rhb1 Bxg3
28. hxg3 Kd6 29. Nc1 Kc7 30. Nd3 Rhd8 31. Rh1 h6 32. Rh5 Nf8 33. Kc3 Ne6 34. Rb2
Rd7 35. Re2 Rbd8 36. Nb2 Nc5 37. Rh1 Kb7 38. Rhe1 Ne6 39. e5 fxe5 40. Rxe5 Nc5
41. Re7 Kc7 42. g4 Rxe7 43. Rxe7+ Rd7 44. Re8 Rd8 45. Re7+ Rd7 46. Re8 Rd8 47.
Re7+ 1/2-1/2

[Event "Druzynowe  Mistrzostwa Polski w Szachach - I liga"]
[Site "Poronin-Limba"]
[Date "1899-12-30"]
[Round "5.17"]
[White "Kaczmarek, Aleksander"]
[Black "Kowalczyk, Pawel"]
[Result "0-1"]
[WhiteTitle "FM"]
[BlackTitle "k+"]
[WhiteElo "2384"]
[BlackElo "2330"]

1. e4 c5 2. Nf3 e6 3. d4 cxd4 4. Nxd4 Qb6 5. Nb3 Nf6 6. Nc3 Bb4 7. Bd3 d5 8. exd5
Nxd5 9. Bd2 Nxc3 10. bxc3 Bd6 11. O-O O-O 12. Kh1 Nc6 13. f4 g6 14. c4 Qc7 15.
c5 Be7 16. Bc3 b6 17. cxb6 axb6 18. Qd2 Rd8 19. Rf3 Ra4 20. f5 exf5 21. Qh6 f6
22. Bb5 Rg4 23. h3 Re4 24. Bd3 Ne5 25. Bxe5 Rxe5 26. Nd2 Be6 27. Raf1 Rd4 28.
Nb3 Ra4 29. Rg3 Bf8 30. Qd2 f4 31. Rgf3 Bd5 32. Rxf4 Bh6 33. c4 Bb7 34. Nd4 Qd7
35. Nf3 Bxf4 36. Qxf4 Qxd3 37. Qxf6 Qxf1+ 0-1

[Event "Druzynowe  Mistrzostwa Polski w Szachach - I liga"]
[Site "Poronin-Limba"]
[Date "1899-12-30"]
[Round "5.18"]
[White "Majdan, Joanna"]
[Black "Miturova, Magdalena"]
[Result "0-1"]
[WhiteTitle "WGM"]
[BlackTitle "WIM"]
[WhiteElo "2361"]
[BlackElo "2188"]

1. e4 e5 2. Nf3 Nc6 3. Bb5 a6 4. Ba4 Nf6 5. d3 d6 6. c3 g6 7. O-O Bg7 8. Re1 O-O
9. h3 Nd7 10. Bg5 f6 11. Be3 Qe7 12. d4 Nd8 13. Nbd2 Nf7 14. Bc2 b6 15. a4 a5
16. Nc4 Bb7 17. Nfd2 Rae8 18. d5 Bh6 19. b4 axb4 20. cxb4 Bxe3 21. Rxe3 c6 22.
dxc6 Bxc6 23. Rc3 Rc8 24. Nf1 f5 25. exf5 gxf5 26. Bxf5 Kh8 27. b5 Ba8 28. Rac1
Rb8 29. Nce3 Nc5 30. Nd5 Qg5 31. Ng3 Nh6 32. Bb1 Rf7 33. Ne4 Qh4 34. f4 Nf5 35.
Ng5 Rff8 36. Nf3 Qh6 37. fxe5 Ng3 38. Qe1 Rxf3 39. gxf3 Bxd5 40. exd6 Qxd6 41.
Re3 Rg8 42. Qc3+ Rg7 43. Re8+ Bg8 44. Kf2 Nh5 45. Re5 Nf4 46. Kf1 Bc4+ 47. Qxc4
Qxe5 48. Rd1 Rg8 49. a5 Ng2 0-1

[Event "Druzynowe  Mistrzostwa Polski w Szachach - I liga"]
[Site "Poronin-Limba"]
[Date "1899-12-30"]
[Round "5.19"]
[White "Lubczynski, Rafal"]
[Black "Cukrowski, Filip"]
[Result "1-0"]
[WhiteTitle "IM"]
[BlackTitle "FM"]
[WhiteElo "2418"]
[BlackElo "2414"]

1. d4 Nf6 2. Nf3 g6 3. g3 Bg7 4. Bg2 O-O 5. O-O d6 6. c4 Nc6 7. Nc3 a6 8. b3 Bd7
9. Bb2 Qc8 10. Re1 Bg4 11. d5 Na5 12. Qd2 c5 13. Na4 Qd8 14. Bc3 Ne4 15. Bxa5
Nxd2 16. Bxd8 Bxf3 17. Bxe7 Bxg2 18. Bxf8 Rxf8 19. Kxg2 b5 20. Rad1 bxa4 21. Rxd2
Bc3 22. Red1 Bxd2 23. Rxd2 axb3 24. axb3 Rb8 25. Ra2 Rxb3 26. Rxa6 Rb4 27. Rxd6
Rxc4 28. Rc6 Kf8 29. Rc7 Kg7 30. f4 h6 31. Kf3 Rc3+ 32. e3 Kf6 33. h4 h5 34. Ke4
Rc1 35. Rc6+ Ke7 36. Ke5 c4 37. Rc7+ Ke8 38. e4 c3 39. Kd6 Kf8 40. e5 c2 41. Rc8+
Kg7 42. Ke7 1-0

[Event "Druzynowe  Mistrzostwa Polski w Szachach - I liga"]
[Site "Poronin-Limba"]
[Date "1899-12-30"]
[Round "5.22"]
[White "Sabuk, Piotr"]
[Black "Musialkiewicz, Pawel"]
[Result "1-0"]
[WhiteTitle "IM"]
[BlackTitle "FM"]
[WhiteElo "2376"]
[BlackElo "2266"]

1. d4 d5 2. c4 c6 3. Nf3 e6 4. Nc3 dxc4 5. a4 Bb4 6. e3 b5 7. Bd2 a5 8. axb5 Bxc3
9. Bxc3 cxb5 10. b3 Bb7 11. bxc4 b4 12. Bb2 Nf6 13. Bd3 Nbd7 14. O-O O-O 15. Nd2
e5 16. Bc2 Qc7 17. d5 Rfc8 18. Rc1 Qb6 19. Ba4 Ba6 20. Qf3 Nc5 21. Bc6 Rxc6 22.
dxc6 Nd3 23. Rb1 a4 24. Ba3 Rd8 25. Rfd1 Ne8 26. Qe4 Qc5 27. c7 Nxc7 28. Nf3 Qxc4
29. Qxc4 Bxc4 30. Rxb4 Ba6 31. Nxe5 f6 32. Nxd3 Bxd3 33. h3 Rd5 34. Rxa4 Nb5 35.
Ra5 f5 36. Rxb5 1-0